Skip to main content
Your cart is empty.
Your lists
Log in to create your own lists
Your cookies
العربية
English
العربية
Home
Search
Advanced search
Authority search
About
The noble scholar, jurist, historian
His Excellency Dr. Abdul Wahhab bin Ibrahim Abu Sulaiman, may Allah have mercy on him.
He was born in Umm Al-Qura in the year 1356 AH.
Library catalog
Title
Author
Subject
ISBN
ISSN
Series
Call number
Log in to your account
×
Login:
Password:
Home
MARC view: أغراض السور في تفسير التحرير والتنوير لابن عاشور /
Normal view
MARC view
ISBD view
أغراض السور في تفسير التحرير والتنوير لابن عاشور / (Record no. 10144)
[
view plain
]
MARC details
000 -LEADER
fixed length control field
01281cam a22003011i 4500
003 - CONTROL NUMBER IDENTIFIER
control field
SA-RiAUC
005 - DATE AND TIME OF LATEST TRANSACTION
control field
20250720072806.0
008 - FIXED-LENGTH DATA ELEMENTS--GENERAL INFORMATION
fixed length control field
250716s2012 ku g f000 0 ara c
020 ## - INTERNATIONAL STANDARD BOOK NUMBER
International Standard Book Number
9789996650314
040 ## - CATALOGING SOURCE
Original cataloging agency
SA-MaMIU
Language of cataloging
ara
Transcribing agency
SA-RiAUC
Description conventions
rda
082 04 - DEWEY DECIMAL CLASSIFICATION NUMBER
Classification number
227.6
Assigning agency
SA-RiAUC
090 ## - LOCALLY ASSIGNED LC-TYPE CALL NUMBER (OCLC); LOCAL CALL NUMBER (RLIN)
Classification number (OCLC) (R) ; Classification number, CALL (RLIN) (NR)
227.6
Local cutter number (OCLC) ; Book number/undivided call number, CALL (RLIN)
ح م د
100 1# - MAIN ENTRY--PERSONAL NAME
Personal name
الحمد، محمد بن إبراهيم أحمد،
Dates associated with a name
1385 هجري-
Relator term
مؤلف.
245 10 - TITLE STATEMENT
Title
أغراض السور في تفسير التحرير والتنوير لابن عاشور /
Statement of responsibility, etc.
محمد بن إبراهيم أحمد الحمد.
250 ## - EDITION STATEMENT
Edition statement
الطبعة الأولى، جديدة منقحة.
264 #1 - PRODUCTION, PUBLICATION, DISTRIBUTION, MANUFACTURE, AND COPYRIGHT NOTICE
Place of production, publication, distribution, manufacture
الكويت :
Name of producer, publisher, distributor, manufacturer
وزارة الأوقاف والشؤون الإسلامية، قطاع الشؤون الثقافية،
Date of production, publication, distribution, manufacture, or copyright notice
2012
300 ## - PHYSICAL DESCRIPTION
Extent
141 صفحة ؛
Dimensions
21 سم.
336 ## - CONTENT TYPE
Content type term
نص
Content type code
txt
Source
rdacontent
Materials specified
كتاب
337 ## - MEDIA TYPE
Media type term
بدون وسيط
Media type code
n
Source
rdamedia
338 ## - CARRIER TYPE
Carrier type term
مجلد
Carrier type code
nc
Source
rdacarrier
490 1# - SERIES STATEMENT
Series statement
السور القرآنية
630 27 - SUBJECT ADDED ENTRY--UNIFORM TITLE
Uniform title
القرآن
General subdivision
تفاسير
Source of heading or term
aucut
700 12 - ADDED ENTRY--PERSONAL NAME
Relationship information
شرح لـ :
Personal name
بن عاشور، محمد الطاهر،
Dates associated with a name
1296-1393 هجري
730 22 - ADDED ENTRY--UNIFORM TITLE
Uniform title
القرآن
830 #2 - SERIES ADDED ENTRY--UNIFORM TITLE
Uniform title
السور القرآنية
942 ## - ADDED ENTRY ELEMENTS (KOHA)
Source of classification or shelving scheme
Dewey Decimal Classification
Koha item type
Books
Suppress in OPAC
No
949 ## - LOCAL PROCESSING INFORMATION (OCLC)
a
SA-JeALM
d
250716
u
mohamedma123
n
1
Holdings
Withdrawn status
Lost status
Source of classification or shelving scheme
Damaged status
Not for loan
Home library
Current library
Date acquired
Total checkouts
Full call number
Barcode
Date last seen
Price effective from
Koha item type
Dewey Decimal Classification
DR AbdElwahab Library
DR AbdElwahab Library
07/20/2025
227.6 ح م د
000016445
07/20/2025
07/20/2025
Books
Place hold
Print
Add to your cart
(remove)
Save record
BIBTEX
Dublin Core
MARCXML
MARC (non-Unicode/MARC-8)
MARC (Unicode/UTF-8)
MARC (Unicode/UTF-8, Standard)
MODS (XML)
RIS
ISBD
More searches
Search for this title in:
Other Libraries (WorldCat)
Other Databases (Google Scholar)
Online Stores (Bookfinder.com)
Open Library (openlibrary.org)
Exporting to Dublin Core...
×
Simple DC-RDF
OAI-DC
SRW-DC